Statistics for Joe Cocker Discography

Click here to take the quiz!

General Stats

  • This quiz has been taken 2 times
  • The average score is 9 of 82

Answer Stats

Type Year Name % Correct
Album1972Joe Cocker
100%
Album1969Joe Cocker!
100%
Compilation1995The Essential
50%
Album1994Have a Little Faith
50%
DVD1997Joe Cocker Live: Across From Midnight Tour
50%
Live Album1990Joe Cocker Live
50%
Album1987Unchain My Heart
50%
Album1986Cocker
50%
Album1984Civilized Man
50%
Album2012Fire It Up
50%
Album2010Hard Knocks
0%
DVD2002Party at the Palace
0%
Compilation2015The Life of a Man - The Ultimate Hits 1968-2013
0%
Reissued Album1997Special Beck's Edition
0%
Interview Album2015Joe Cocker in Interview with Robin Ross
0%
Compilation1998Greatest Hits
0%
Compilation1999The Anthology
0%
Album1999No Ordinary World
0%
Live Album1999Vance Arnold & The Avengers - Live at the Esquire Club
0%
Compilation200020th Century Masters - The Millennium Collection: The Best of Joe Cocker
0%
Live Album2001Standing Here - Live in Colorado
0%
Live Album2013Fire It Up - Live
0%
DVD2001Joe Cocker in Concert
0%
Album2002Respect Yourself
0%
Compilation2003Greatest Love Songs
0%
Live Album2009Live at Woodstock
0%
Compilation2003The Ultimate Collection 1968-2003
0%
Compilation2004Ultimate Collection
0%
Compilation2011Icon
0%
Album1997Across from Midnight
0%
Album2004Heart & Soul
0%
DVD2005Feeling Alright
0%
DVD2005Respect Yourself Live
0%
DVD2005Live at Montreux 1987
0%
Compilation2006Gold
0%
Live Album2006Mad Dogs & Englishmen: The Complete Fillmore East Concerts
0%
Album2007Hymn for My Soul
0%
Compilation2007Classic Cocker
0%
DVD2008Cry Me A River
0%
Compilation EP1967Rag Goes Mad at the Mojo
0%
Compilation1993The Legend (Essential Collection)
0%
Album1996Organic
0%
Live Album1981Live in New York
0%
Live Album1970Mad Dogs & Englishmen
0%
DVD1970Woodstock - 3 Days of Peace & Music
0%
Compilation1970Portrait of Joe Cocker
0%
DVD1971Joe Cocker, Mad Dogs & Englishmen
0%
Compilation1971The Best of Joe Cocker
0%
Compilation1971Cocker Happy
0%
Compilation1972Double Cocker Power!
0%
Album1974I Can Stand a Little Rain
0%
Album1975Jamaica Say You Will
0%
Album1976Stingray
0%
Live Album1976Live in L.A.
0%
Live Compilation1976Space Captain
0%
Compilation1977Joe Cocker's Greatest Hits
0%
Album1978Luxury You Can Afford
0%
Album1982Sheffield Steel
0%
Box Set1995The Long Voyage Home
0%
Compilation1986The Voice - The Very Best of Joe Cocker
0%
DVD1986Joe Cocker Music Video
0%
Compilation1987Definite 1964-1986
0%
Compilation1987Joe Cocker - Classics, Volume 4
0%
Mini LP1988The 12 Mixes
0%
Album1989One Night of Sin
0%
DVD1990A Tribute to John Lennon - Live
0%
Compilation1990The Collection
0%
Album1991Night Calls
0%
Live Album1992With a Little Help from My Friends Live - Great Hits in Concert
0%
DVD Compilation1992The Best of Joe Cocker Live
0%
Compilation1992The Legend
0%
Compilation1992Love Songs & Ballads
0%
Album1969With a Litte Help from My Friends
0%
Box Set2016The Album Recordings 1984-2007
0%

Score Distribution

Percentile by Number Answered

Percent of People with Each Score

Your Score History

You have not taken this quiz